• 首页
  • 本馆介绍
  • 公告通知
  • 最新文献
  • 馆藏检索
  • 电子资源
  • 读者导购
  • 参考咨询
  • 我的图书馆
  • 登录
  • 详细信息显示
  • 放入我的书架
  • 预约/预借图书
  • 作者相关作品
  • 分类相关作品
  • 丛书相关作品
  • 出版社相关作品

书目信息

  • 表格格式
  • 工作单格式
  • 卡片格式
题名:
贸易与贫穷
    
 
作者: 威廉姆森 著 ;符大海 , 张莹 译
分册:  
出版信息: 北京   中国人民大学出版社  2016
页数: 283页
开本: 24cm
丛书名: 当代世界学术名著
单 册:
中图分类: D501
科图分类:
主题词: 第三世界--di san shi jie--历史--研究
电子资源:
ISBN: 978-7-300-23515-8
000 01579nam0 22003011 450
001 1761055745
005 20170619172004.0
010    @a978-7-300-23515-8@dCNY58.00
100    @a20161123d2016 em y0chiy50 ea
101 1  @achi@ceng
102    @aCN@b110000
105    @ay z 000yy
106    @ar
200 1  @a贸易与贫穷@9mao yi yu pin qiong@e第三世界何时落后@dTrade and poverty@ewhen the third world fell behind@f(美)杰弗瑞·G·威廉姆森(Jeffrey G. Williamson)著@g符大海,张莹译@zeng
210    @a北京@c中国人民大学出版社@d2016
215    @a283页@d24cm
225 2  @a当代世界学术名著@9dang dai shi jie xue shu ming zhu
330    @a本书作者将第三世界与西方国家之间的这种大分化追溯到贸易、商品专业化和贫穷的相互联系上。从19世纪初到次世界大战期间,全球化步伐加快,但全球贸易的飞速发展伴随着工业化国家与非工业化国家之间日益严重的经济分化。威廉姆森采用计量经济学方法,通过对印度、土耳其和墨西哥的案例分析阐明了专业化、非工业化和商品价格波动在贸易与贫穷的相互关系中所扮演的角色。全球化与大分化之间存在因果联系,因此过去两个世纪的全球化兴起可以解释今天富裕国家与贫穷国家之间的收入差距。
461  0 @12001 @a当代世界学术名著
510 1  @aTrade and poverty@ewhen the third world fell behind@zeng
517 1  @a第三世界何时落后@9di san shi jie he shi luo hou
606 0  @a第三世界@9di san shi jie@x历史@x研究
690    @aD501@v5
701  0 @c(美)@a威廉姆森@9wei lian mu sen@c(Williamson, Jeffrey G.)@4著
702  0 @a符大海@9fu da hai@c(经济学)@4译
702  0 @a张莹@9zhang ying@c(经济学)@4译
801  0 @aCN@b百万庄@c20170619
905    @b1014153-8@dD501@e219@f6
    
    贸易与贫穷:第三世界何时落后=Trade and poverty:when the third world fell behind/(美)杰弗瑞·G·威廉姆森(Jeffrey G. Williamson)著/符大海,张莹译.-北京:中国人民大学出版社,2016
    283页;24cm.-(当代世界学术名著)
    
    
    ISBN 978-7-300-23515-8:CNY58.00
    本书作者将第三世界与西方国家之间的这种大分化追溯到贸易、商品专业化和贫穷的相互联系上。从19世纪初到次世界大战期间,全球化步伐加快,但全球贸易的飞速发展伴随着工业化国家与非工业化国家之间日益严重的经济分化。威廉姆森采用计量经济学方法,通过对印度、土耳其和墨西哥的案例分析阐明了专业化、非工业化和商品价格波动在贸易与贫穷的相互关系中所扮演的角色。全球化与大分化之间存在因果联系,因此过去两个世纪的全球化兴起可以解释今天富裕国家与贫穷国家之间的收入差距。
●
相关链接 在E读中查询图书 在五车中查询图书 在当当中查询图书 在豆瓣中查询图书


正题名:贸易与贫穷     索取号:D501/219         预约/预借

序号 登录号 条形码 馆藏地/架位号 状态 备注
1 1014153   210141531   第一样本阅览室/ [索取号:D501/219] 在馆    
2 1014154   210141540   教育系资料室/ [索取号:D501/219] 在馆    
3 1014155   210141559   教育系资料室/ [索取号:D501/219] 在馆    
4 1014156   210141568   教育系资料室/ [索取号:D501/219] 在馆    
5 1014157   210141577   第一借阅区/ [索取号:D501/219] 在馆    
6 1014158   210141586   第一借阅区/ [索取号:D501/219] 在馆    
唐山师范学院图书馆 欢迎您!
大连网信软件有限公司© 版权所有